Top 10 Countries With The Most Lakes - Statistics

General Stats
  • This quiz has been taken 55 times
  • The average score is 9 of 10
Answer Stats
Rank # of Lakes Country % Correct
1 879,800 Canada
98%
3 102,500 USA
98%
2 201,200 Russia
96%
4 23,800 China
94%
6 20,900 Brazil
92%
5 22,600 Sweden
85%
8 13,600 Argentina
79%
10 11,400 Australia
77%
7 20,000 Norway
77%
9 12,400 Kazakhstan
66%
No matching quizzes found
Score Distribution
Percent of People with Each Score
Percentile by Number Answered
Your Score History
You have not taken this quiz